Prínosy vedy v podnikovej praxi

Význam finančných a ekonomických vied pre efektívne riadenie podniku. Význam priemyslového inžinierstva pre podnikovú prax. Nevyhnutnosť informačných systémov a technológií pre podnik. Informačné potreby podniku.

Gespeichert in:
Bibliographische Detailangaben
1. Verfasser: Kassay, Štefan
Format: Buchkapitel
Sprache:Slowakisch
Schlagworte:
Tags: Tag hinzufügen
Keine Tags, Fügen Sie das erste Tag hinzu!

MARC

LEADER 00000naa$a2200000$$$4500
001 0003947
005 20230825103206.6
041 0 |a slo 
044 |a SK 
245 1 0 |a Prínosy vedy v podnikovej praxi  |c aut. Štefan Kassay 
520 |a Význam finančných a ekonomických vied pre efektívne riadenie podniku. Význam priemyslového inžinierstva pre podnikovú prax. Nevyhnutnosť informačných systémov a technológií pre podnik. Informačné potreby podniku. 
610 2 0 |a riadenie podnikové 
610 2 0 |a veda ekonomická 
610 2 0 |a veda finančná 
610 2 0 |a inžinierstvo priemyselné 
610 2 0 |a systémy informačné 
610 2 0 |a technológie informačné 
100 1 |a Kassay, Štefan